Derivados del cannabis : ¿drogas o medicamentos? : avances en farmacología de drogodependencias /

Conjunto de cinco estudios de carácter farmacológico sobre los derivados del cannabis, que la legislación internacional los sitúa en la lista de productos sin utilidad médica comprobada de la Convención de Viena, mientras algunos exponentes de la medicina tradicional sugieren su uso terapéutico para...

Descrizione completa

Salvato in:
Dettagli Bibliografici
Autore principale: Meana, José Javier (ed.)
Altri autori: Pantoja Vargas, Luis (edición) (edición)
Natura: Libro
Lingua:spagnolo
Pubblicazione: Bilbao, España : Universidad de Deusto, 1998, c1998
Serie:(Drogodependencias ; 8)
Soggetti:
Tags: Aggiungi Tag
Nessun Tag, puoi essere il primo ad aggiungerne!!

MARC

LEADER 00000nam^a2200000^a^4500
001 000119317
005 20250521000000.0
009 20260310094312.811
020 |a 84-7485-567-5 
037 |a Acervo ITESO - Biblioteca 
041 |a ESP 
082 |a 615. 7827  |b MEA 
100 |a Meana, José Javier  |e (ed.) 
245 1 0 |a Derivados del cannabis :  |b ¿drogas o medicamentos? : avances en farmacología de drogodependencias /  |c Ed. de J.J. Meana, L. Pantoja Vargas ; presen. de L. Pantoja Vargas ; introd. de J.J. Meana. 
264 4 |a Bilbao, España :  |b Universidad de Deusto,  |c 1998, c1998 
300 |a 185 p. 
336 |a texto  |b txt  |2 rdacontenido 
337 |a sin mediación  |b n  |2 rdamedio 
338 |a volumen  |b nc  |2 rdasoporte 
440 1 |a (Drogodependencias ;  |v 8) 
520 |a Conjunto de cinco estudios de carácter farmacológico sobre los derivados del cannabis, que la legislación internacional los sitúa en la lista de productos sin utilidad médica comprobada de la Convención de Viena, mientras algunos exponentes de la medicina tradicional sugieren su uso terapéutico para ciertas situaciones patológicas. 
649 |a XX 
650 |a Drogadicción 
650 |a Marihuana 
650 |a Narcóticos 
650 |a Estimulantes 
650 |a Farmacología 
650 |a Farmacognosia 
650 |a Materia Médica 
650 |a Medicamentos 
650 |a Medicina 
650 |a Drogadicción 
650 |a Adicciones 
650 |a Problemas Sociales 
700 |a Pantoja Vargas, Luis  |e (edición) 
910 |a Fondo General 
920 |a Impresos - Libros 
930 |a Colección General 
905 |a 101 
901 |a 0500053914  |b IT1  |c ACC  |u 20250521 
902 |a https://opac.biblio.iteso.mx/vufind/Record/000119317